Burzovne obchodovateľné fondy a podielové fondy vplyv nákladov a výnosnosti
Podielový fond je typickou formou kolektívneho, nepriameho investovania. Podielový fond je forma majetku, ktorý je tvorený cennými papiermi, peniazmi a inými majetkovými hodnotami, ktoré spoločne vlastnia investori. Najčastejšie bežní investori využívajú podielové fondy na pravidelné investovanie ús...
Gespeichert in:
| 1. Verfasser: | |
|---|---|
| Format: | Buchkapitel |
| Sprache: | Slowakisch |
| Schlagworte: | |
| Tags: |
Keine Tags, Fügen Sie das erste Tag hinzu!
|
MARC
| LEADER | 00000nla a2200000 4500 | ||
|---|---|---|---|
| 001 | 0235796 | ||
| 005 | 20240502073819.9 | ||
| 041 | 0 | |a slo | |
| 044 | |a SK | ||
| 245 | 1 | 0 | |a Burzovne obchodovateľné fondy a podielové fondy vplyv nákladov a výnosnosti |c Miroslav Klimek |
| 520 | |a Podielový fond je typickou formou kolektívneho, nepriameho investovania. Podielový fond je forma majetku, ktorý je tvorený cennými papiermi, peniazmi a inými majetkovými hodnotami, ktoré spoločne vlastnia investori. Najčastejšie bežní investori využívajú podielové fondy na pravidelné investovanie úspor trvalým príkazom, alebo poštovou poukážkou. Vkladajú svoje peniaze ,,odborníkom“, teda správcovským spoločnostiam, ktoré za poplatok tieto peniaze investujú a najčastejšie sa snažia dosiahnuť lepšie zhodnotenie ako ich benchmark. | ||
| 610 | 2 | 0 | |a fondy podielové |
| 610 | 2 | 0 | |a stratégia investičná |
| 610 | 2 | 0 | |a náklady |
| 610 | 2 | 0 | |a výnosy |
| 610 | 2 | 0 | |a obchody burzové |
| 100 | 1 | |a Klimek, Miroslav | |